Η ελληνοτουρκική ανταλλαγή πληθυσμών : πτυχές μιας εθνικής σύγκρουσης

Αποθηκεύτηκε σε:
Λεπτομέρειες βιβλιογραφικής εγγραφής
Κύριος συγγραφέας: Berktay, Halil 1947-
Συγγραφή απο Οργανισμό/Αρχή: Κέντρο Ερευνών Μειονοτικών Ομάδων
Άλλοι συγγραφείς: Τσιτσελίκης, Κωνσταντίνος (edt [Επιμελητής], aui [Συγγραφέας προλόγου]), Τσερεζόλε, Ελένη (trlf [Μεταφράστρια]), Δεμέστιχα, Μαρία (trlf [Μεταφράστρια]), Μοίρας, Λεωνίδας (trl [Μεταφραστής])
Μορφή: Βιβλίο
Γλώσσα:Greek
Δημοσίευση: Αθήνα : Κριτική, 2006.
Σειρά:Σειρά μελετών (Κέντρο Ερευνών Μειονοτικών Ομάδων) ; 9
Θέματα:
Ετικέτες: Προσθήκη ετικέτας
Δεν υπάρχουν, Καταχωρήστε ετικέτα πρώτοι!

MARC

LEADER 00000nam a2200000 i 4500
001 1/46403
008 070618s2006 gr ||| ||gre||
020 |a 9789602184912 
020 |a 9602184914 
035 |l 10088366 
040 |a GR-MY-UA  |b gre  |e aacr 
041 0 |a gre 
082 7 |a 938.72   |2 (22) 
100 1 |a Berktay, Halil  |d 1947- 
245 1 2 |a Η ελληνοτουρκική ανταλλαγή πληθυσμών :   |b πτυχές μιας εθνικής σύγκρουσης /   |c επιμέλεια - εισαγωγή: Κωνσταντίνος Τσιτσελίκης ; μετάφραση: Ελένη Τσερεζόλε, Μαρία Δεμέστιχα, Λεωνίδας Μοίρας.  
260 |a Αθήνα :   |b Κριτική,   |c 2006.  
300 |a 575 σ. :   |b πίν., χάρτες ;   |c 21 εκ.  
490 1 |a (Σειρά μελετών) ;   |v 9  
504 |a Περιέχει βιβλιογραφία: σ. 527-556.  
650 0 0 |a Population transfers  |x Greeks  |x History  |y 20th century. 
650 0 0 |a Population transfers  |x Turks  |x History  |y 20th century. 
650 0 0 |a Greco-Turkish War, 1921-1922  |x Refugees. 
700 1 |a Τσιτσελίκης, Κωνσταντίνος,  |e edt [Επιμελητής]  |e aui [Συγγραφέας προλόγου] 
700 1 |a Τσερεζόλε, Ελένη,  |e trlf [Μεταφράστρια] 
700 1 |a Δεμέστιχα, Μαρία,  |e trlf [Μεταφράστρια] 
700 1 |a Μοίρας, Λεωνίδας,  |e trl [Μεταφραστής] 
710 2 |a Κέντρο Ερευνών Μειονοτικών Ομάδων. 
830 0 |a Σειρά μελετών (Κέντρο Ερευνών Μειονοτικών Ομάδων)  |v ; 9 
852 |a INST  |b LESVOS  |e 20070618  |h 938.72 BER  |p 005100038060  |q 005100038060  |t BK  |y 0 
852 |a INST  |b LESVOS  |e 20130125  |h 938.72 BER  |p 005100052026  |q 005100052026  |t BK  |y 0 
852 |a INST  |b LESVOS  |c EUDOXUS  |e 20130531  |h 938.72 BER  |p 005100052492  |q 005100052492  |t EDX  |y 0 
852 |a INST  |b RHODES  |c EUDOXUS  |e 20160425  |h 938.72 BER  |p 005400038369  |q 005400038369  |t EDX  |y 0 
901 |a BIBL1-2007-2 
901 |a BIBL1-2013-1 
901 |a BIBL1-2013-2 
909 |a Λ  |b 135133 
909 |a Λ  |b 177828 
909 |a Λ  |b 179153 
920 |a Εύδοξος  |b Παραγγελία  |y Ρόδος-ΤΜΣ  |z 2016-04 
920 |a Εύδοξος  |b Παραγγελία  |y Λέσβος-ΤΚΑΙ  |z 2013-04 
922 |a 1ΕΛΗ  |b 200705  |c ΕΠΕΑΕΚ2/ΤΚΑ  |d Σ. ΠΑΤΑΚΗΣ 
922 |a 1ΕΛΗ  |b 201211  |c ΤΜΗΜΑ ΚΟΙΝΩΝΙΚΗΣ ΑΝΘΡΩΠΟΛΟΓΙΑΣ ΚΑΙ ΙΣΤΟΡΙΑΣ  |d ΙΩΑΝΝΙΔΟΥ 
970 |a ΚΑΡΑ  |b ΓΙΑΣΕΜΗ  |z 2007/06/18